000 00988nam a2200277 i 4500
001 142812
003 ES-MaACL
005 20250925063044.0
007 t|
008 071010s1986 sp ||||1|cspa d
020 _a84-206-4503-6
080 _a946.71"18"
080 _a929(460.23)"18"
100 1 _aVicens Vives, Jaime,
_d1910-1960
_9114319
245 1 4 _aLos catalanes en el siglo XIX /
_cJaume Vicens Vives ; prólogo de E. Giralt i Raventós ; traductor, Enric Borrás i Cubells.
260 _aMadrid :
_bAlianza ;
_aBarcelona :
_bEnciclopèdia Catalana,
_c[1986]
300 _aIX, 269 p. ;
_c21 cm.
490 1 _aBiblioteca de cultura catalana
650 4 _aCatalanes-
_yS.XIX-
_vBiografías.
_9152433
651 4 _aCataluña-
_xHistoria-
_yS.XIX.
_98019
700 1 _aGiralt i Raventós, Emili.
_957202
700 1 _aBorrás Cubells, Enric.
_930558
830 0 _aBiblioteca de cultura catalana
_9178600
852 _aES-MaACL
_jL-11831
999 _c142812
_d142812